[Event "Piestany op"]
[Site "Piestany"]
[Date "2009.07.28"]
[Round "4"]
[White "Dvorak, Libor"]
[Black "Cebo, Filip"]
[Result "1-0"]
[WhiteElo "2087"]
[BlackElo "1725"]
[PlyCount "75"]
[EventDate "2009.07.26"]
[EventType "swiss"]
[EventRounds "7"]
[EventCountry "SVK"]
[SourceTitle "EXT 2010"]
[Source "ChessBase"]
[SourceDate "2010.11.25"]
[SourceVersion "1"]
[SourceVersionDate "2010.11.25"]
[SourceQuality "1"]

1. Nf3 d5 2. c4 c6 3. b3 Bf5 4. g3 e6 5. Bg2 Nf6 6. Bb2 Nbd7 7. d3 Bd6 8. 0-0 0-0 9. Nbd2 Re8 10. Nh4 Qc7 11. Nxf5 exf5 12. e3 Be5 13. Bxe5 Nxe5 14. Qc2 dxc4 15. bxc4 Qa5 16. d4 Ned7 17. c5 g6 18. Nc4 Qc7 19. Qa4 Ne4 20. Rab1 b5 21. cxb6 Nxb6 22. Qb4 Nxc4 23. Bxe4 fxe4 24. Qxc4 Qd6 25. Rfc1 Re6 26. Rb7 a5 27. Rb6 Ra7 28. Rxc6 Qxc6 29. Qxc6 Rxc6 30. Rxc6 f5 31. Kf1 Kf7 32. Ke2 Ke7 33. Kd2 Kd7 34. Rc5 Ra6 35. h4 h5 36. Kc3 Rc6 37. Rxc6 Kxc6 38. Kc4 1-0

[Event "Bratislava Doprastav op"]
[Site "Bratislava"]
[Date "2009.07.07"]
[Round "5"]
[White "Just, Jozef"]
[Black "Cebo, Filip"]
[Result "1-0"]
[WhiteElo "1820"]
[BlackElo "1725"]
[PlyCount "91"]
[EventDate "2009.07.04"]
[EventType "swiss"]
[EventRounds "9"]
[EventCountry "SVK"]
[SourceTitle "EXT 2015"]
[Source "ChessBase"]
[SourceDate "2014.11.20"]
[SourceVersion "1"]
[SourceVersionDate "2014.11.20"]
[SourceQuality "1"]

1. e4 c6 2. e5 e6 3. f4 d5 4. d4 c5 5. Nf3 Nc6 6. c3 cxd4 7. Nxd4 Bc5 8. Bb5 Bd7 9. Nb3 Bb6 10. a4 a6 11. Bd3 Nge7 12. Qg4 Ng6 13. h4 f5 14. exf6 Qxf6 15. Bxg6+ Qxg6 16. Qxg6+ hxg6 17. N1d2 e5 18. Nf3 e4 19. Nfd4 Rc8 20. Be3 Ne7 21. Nc2 Bxe3 22. Nxe3 Rc6 23. 0-0-0 Rf6 24. Nc5 Bc6 25. g3 Rd6 26. Nxe4 dxe4 27. Rxd6 Bxa4 28. Re1 Bc6 29. Red1 Kf7 30. Ng4 Nf5 31. Ne5+ Kg8 32. Rxg6 Ba4 33. Rd8+ Kh7 34. Rxh8+ Kxh8 35. Kd2 Ne7 36. Rg5 Kh7 37. f5 Nd5 38. Ng4 Bd7 39. f6 Nxf6 40. Nxf6+ gxf6 41. Rd5 Bc6 42. Rc5 Kg6 43. Ke3 f5 44. Kf4 Kf6 45. Rxf5+ Kg6 46. g4 1-0

[Event "Bratislava Doprastav op"]
[Site "Bratislava"]
[Date "2009.07.05"]
[Round "3"]
[White "Kralovic, Andrej"]
[Black "Cebo, Filip"]
[Result "1-0"]
[WhiteElo "2132"]
[BlackElo "1725"]
[PlyCount "41"]
[EventDate "2009.07.04"]
[EventType "swiss"]
[EventRounds "9"]
[EventCountry "SVK"]
[SourceTitle "EXT 2015"]
[Source "ChessBase"]
[SourceDate "2014.11.20"]
[SourceVersion "1"]
[SourceVersionDate "2014.11.20"]
[SourceQuality "1"]

1. e4 c6 2. d4 d5 3. Nd2 dxe4 4. Nxe4 Bf5 5. Ng3 Bg6 6. h4 h6 7. Bc4 e6 8. N1e2 Bd6 9. Nf4 Bxf4 10. Bxf4 Nf6 11. Qe2 Qxd4 12. Be5 Qd8 13. Rd1 Nbd7 14. h5 Bh7 15. Bd6 Qb6 16. 0-0 0-0-0 17. Qf3 Bxc2 18. Rc1 Bh7 19. Rc3 Ne8 20. Rb3 Qd4 21. Qxc6+ 1-0